| 000 | 00778cam a22002415a 4500 | ||
|---|---|---|---|
| 001 | 1180227 | ||
| 005 | 20171221105531.0 | ||
| 008 | 970507t1998 maua frb 001 0 eng d | ||
| 020 | _a0071156054 | ||
| 020 | _a9780071156059 | ||
| 040 |
_aDLC _cDLC _dDLC _dEG-ScBUE _beng |
||
| 082 | 0 | 4 |
_222 _a658.4 _bLUT |
| 100 | 1 |
_aLuthans, Fred. _912155 |
|
| 245 | 1 | 0 |
_aOrganizational behavior / _cFred Luthans. |
| 250 | _a8th ed., McGraw-Hill international ed. | ||
| 260 |
_aBoston : _bIrwin / McGraw-Hill, _cc.1998. |
||
| 300 |
_a1 v. (various pagings) : _bill. ; _c26 cm. |
||
| 490 | 0 | _aManagement and organization series | |
| 504 | _aIncludes bibliographical references and indexes. | ||
| 650 | 7 |
_aOrganizational behavior. _2BUEsh _94617 |
|
| 653 |
_bGGEN _cDecember2017 |
||
| 942 | _2ddc | ||
| 999 |
_c25761 _d25733 |
||